| 000 | 01513cam a2200385 a 4500 | ||
|---|---|---|---|
| 999 |
_c15577 _d15577 |
||
| 001 | 13982187 | ||
| 003 | EG-ScBUE | ||
| 005 | 20210121134823.0 | ||
| 008 | 050525s2006 enk f 000 f eng d | ||
| 020 | _a9780330483292 | ||
| 040 |
_aDLC _beng _erda _cDLC _dDLC _dEG-ScBUE |
||
| 043 | _ae-uk-en | ||
| 082 | 0 | 4 |
_a813.54 _bBAN _222 |
| 100 | 1 |
_aBanville, John, _eauthor. _924978 |
|
| 245 | 1 | 4 |
_aThe Sea / _cJohn Banville. |
| 264 | 1 |
_aLondon : _bPicador, _c2006. |
|
| 300 |
_a264 pages ; _c22 cm |
||
| 336 |
_2rdacontent _atext _btxt |
||
| 337 |
_2rdamedia _aunmediated _bn |
||
| 338 |
_2rdacarrier _avolume _bnc |
||
| 586 | _aThe Man Booker Prize, 2005 | ||
| 650 | 7 |
_aAuthors _vFiction. _2BUEsh _924979 |
|
| 650 | 7 |
_aWidowers _vFiction. _2BUEsh _924980 |
|
| 650 | 7 |
_aSeaside resorts _vFiction. _2BUEsh _924981 |
|
| 650 | 7 |
_aMiddle-aged men _vFiction. _2BUEsh _924982 |
|
| 650 | 7 |
_aLoss (Psychology) _vFiction. _2BUEsh _924983 |
|
| 651 | _2BUEsh | ||
| 653 |
_cJune2011 _bHHUUEENN |
||
| 655 | 7 |
_aPsychological fiction. _2lcsh _vReading book |
|
| 856 | 4 | 2 |
_3Contributor biographical information _uhttp://www.loc.gov/catdir/enhancements/fy0625/2005050418-b.html |
| 856 | 4 | 2 |
_3Publisher description _uhttp://www.loc.gov/catdir/enhancements/fy0625/2005050418-d.html |
| 856 | 4 | 1 |
_3Sample text _uhttp://www.loc.gov/catdir/enhancements/fy0625/2005050418-s.html |
| 942 |
_2ddc _cBB |
||